000 00974nam a22002537a 4500
005 20170123164142.0
010 _aB-210060
020 _a8171831575
_c150.00
035 _aB-210060
037 _bCen Lib/Ret
040 _aDPL
_bPN
082 _a851
_bਪ੍ਰੀਤਮਾ
100 _aਪ੍ਰੀਤਮਾ
_9116110
245 _a ਮਗਰ ਤੁਰਦੀਆਂ ਪੈਡਾਂ /
_cਪ੍ਰੀਤਮਾ
246 _aMagar turdian pairan /
_bby Pritma
260 _aਦਿੱੱਲੀ
_bਵਿਸ਼ਨ ਚੰਦ ਐਂਡ ਸੰਸ
_c2006
270 _aਵਿਸਵਾਸ ਨਗਰ ਸ਼ਾਹਦਰਾ
_bਦਿੱੱਲੀ
_e110032
300 _a95p.
_c22cm(Hb)
650 _aਪੰਜਾਬੀ ਸਾਹਿਤ
_9116111
650 _aਪੰਜਾਬੀ ਸਾਹਿਤ- ਕਵਿਤਾਵਾਂ
_9780
650 _aPunjabi Literature
_9781
650 _aPunjabi Literature- Poetry
_96011
942 _2ddc
_cPN
_h851
_mਪ੍ਰੀਤਮਾ
999 _c109729
_d109729